[Event "CZE-ch U10"]
[Site "Kouty nad Desnou"]
[Date "2020.03.12"]
[Round "7"]
[White "Stefaniv, Vladyslav"]
[Black "Letal, Hynek"]
[Result "1-0"]
[WhiteElo "1265"]
[BlackElo "1127"]
[PlyCount "109"]
[EventDate "2020.03.07"]
[EventType "swiss"]
[EventRounds "7"]
[EventCountry "CZE"]
[SourceTitle "CBM 195 Extra"]
[Source "ChessBase"]
[SourceDate "2020.05.31"]
[SourceVersion "1"]
[SourceVersionDate "2020.05.31"]
[SourceQuality "1"]

1. e4 c5 2. Nf3 d6 3. d4 cxd4 4. Nxd4 Nf6 5. f3 g6 6. c4 Bg7 7. Be3 0-0 8. Nc3 Nc6 9. Be2 Bd7 10. 0-0 Rc8 11. Qd2 Nxd4 12. Bxd4 a6 13. b4 Be6 14. Nd5 Bxd5 15. cxd5 e6 16. dxe6 fxe6 17. Rac1 Qd7 18. Bc4 d5 19. exd5 exd5 20. Bb3 Rxc1 21. Rxc1 Rd8 22. Rd1 Qc7 23. Rc1 Qd7 24. Rc3 Kh8 25. Rd3 Qc7 26. Bxf6 Bxf6 27. Rxd5 Re8 28. Qc2 Bh4 29. Rd1 Qe5 30. g3 Bd8 31. Kg2 Qb5 32. Qc3+ Qe5 33. Qxe5+ Rxe5 34. Rxd8+ Kg7 35. Rg8+ Kh6 36. f4 Re2+ 37. Kh3 Rd2 38. Kh4 Rxh2+ 39. Kg4 Rd2 40. Rb8 Rd4 41. Rxb7 Rd2 42. Rb6 Rd4 43. Rxa6 Rxb4 44. Ra8 Rb7 45. Rd8 Rg7 46. Rd1 g5 47. Rd6+ Rg6 48. fxg5+ Kg7 49. Rxg6+ Kxg6 50. a4 Kg7 51. a5 Kg6 52. a6 Kg7 53. a7 Kh8 54. a8Q+ Kg7 55. Qg8# 1-0